00731pam a2200217 a 45000010008000000030006000080050017000140080041000310100017000720200028000890200028001170400018001450500021001630820021001841000022002052450109002272600055003363000029003915040068004206300025004882961154GBCCL20241126110656.0910816s1991 ilua b 001 0 eng  a 91031967  a0830812725 (alk. paper) z0830812723 (alk. paper) aDLCcDLCdDLC00aBS476b.O79 199100a220.601220bOSB1 aOsborne, Grant R.14aThe hermeneutical spiral :ba comprehensive introduction to biblical interpretation /cGrant R. Osborne. aDowners Grove, Ill. :bInterVarsity Press,cc1991. a499 p. :bill. ;c24 cm. aIncludes bibliographical references (p. [436]-480) and indexes.00aBiblexHermeneutics.